Serbia... or Bosnia and Herzegovina? - Statistics

General Stats
  • This quiz has been taken 713 times
  • The average score is 12 of 15
Answer Stats
Question Answer % Correct
Novak Djokovic is from there Serbia
96%
Was formerly part of Yugoslavia Both
95%
Is more populous Serbia
94%
Banja Luka is second largest city Bosnia and Herzegovina
92%
Has smaller land area Bosnia and Herzegovina
86%
Serbs are the second largest nation in the country Bosnia and Herzegovina
86%
Is part of the European Union Neither
86%
Is on the coast Bosnia and Herzegovina
85%
Vojvodina is Autonomous Province of that country Serbia
84%
Its Capital hosted the Winter Olympic Games Bosnia and Herzegovina
75%
Dinar is the currency Serbia
75%
River Danube flow through Serbia
73%
It became earlier member of UN Bosnia and Herzegovina
61%
Cyrillic is one of the official scripts Both
61%
It was an independent country at the beginning of the 20th century Serbia
54%
No matching quizzes found
Score Distribution
Percent of People with Each Score
Percentile by Number Answered
Your Score History
You have not taken this quiz